[Event "Pan American-ch School U13 12th"]
[Site "Callao"]
[Date "2023.10.20"]
[Round "8"]
[White "Cano Alcaraz, Juan Jose"]
[Black "Gilian Solano, Justin Matias"]
[Result "1-0"]
[WhiteElo "1686"]
[BlackElo "1367"]
[PlyCount "121"]
[EventDate "2023.10.16"]
[EventType "swiss"]
[EventRounds "9"]
[EventCountry "PER"]
[SourceTitle "Mega2024 Update 01"]
[Source "Chessbase"]
[SourceDate "2023.11.12"]
[SourceVersion "1"]
[SourceVersionDate "2023.11.12"]
[SourceQuality "1"]

1. e4 e6 2. d4 d5 3. Bd3 dxe4 4. Bxe4 Nf6 5. Bf3 Nbd7 6. Ne2 c6 7. 0-0 Bd6 8. Re1 Qc7 9. h3 0-0 10. c4 b6 11. Nbc3 Bb7 12. Bg5 Rfe8 13. Qc2 h6 14. Bh4 a6 15. Rad1 e5 16. Ne4 Nxe4 17. Bxe4 exd4 18. Nxd4 Nc5 19. Bf3 Be5 20. Nf5 Ne6 21. b4 Nf8 22. c5 Ng6 23. Bg3 Bxg3 24. fxg3 Ne5 25. Nd6 Nxf3+ 26. gxf3 Rxe1+ 27. Rxe1 Rd8 28. Qe4 bxc5 29. bxc5 Rd7 30. Rb1 Qb8 31. Qb4 Kf8 32. Kf2 a5 33. Qb6 Rxd6 34. cxd6 Qxd6 35. Qxa5 Bc8 36. Qb4 c5 37. Qf4 Qe6 38. Qd2 Kg8 39. Qd8+ Kh7 40. Qd3+ f5 41. Qe2 Qd6 42. Rd1 Qf6 43. Rd5 c4 44. g4 Qc6 45. Rd2 Ba6 46. Qe5 Bc8 47. gxf5 Bb7 48. Qe3 Qf6 49. Qe6 Qh4+ 50. Ke2 Qg5 51. Qg6+ Qxg6 52. fxg6+ Kxg6 53. Rd4 Bc8 54. Rxc4 Bxh3 55. Rc7 Be6 56. a4 h5 57. a5 h4 58. Kf2 Kg5 59. Rxg7+ Kf4 60. Rg4+ Ke5 61. Rxh4 1-0

[Event "Pan American-ch School U13 12th"]
[Site "Callao"]
[Date "2023.10.16"]
[Round "2"]
[White "Marcelo Poma, Jaden Eduardo"]
[Black "Gilian Solano, Justin Matias"]
[Result "1/2-1/2"]
[WhiteElo "1219"]
[BlackElo "1367"]
[PlyCount "78"]
[EventDate "2023.10.16"]
[EventType "swiss"]
[EventRounds "9"]
[EventCountry "PER"]
[SourceTitle "Mega2024 Update 01"]
[Source "Chessbase"]
[SourceDate "2023.11.12"]
[SourceVersion "1"]
[SourceVersionDate "2023.11.12"]
[SourceQuality "1"]

1. e4 e6 2. d4 d5 3. exd5 exd5 4. Bd3 Bd6 5. Nf3 Ne7 6. 0-0 0-0 7. h3 c6 8. c3 Re8 9. Re1 Bc7 10. Qc2 Ng6 11. Rxe8+ Qxe8 12. Be3 Be6 13. Nbd2 Nd7 14. Re1 Ndf8 15. Nf1 Qd7 16. Ng5 Re8 17. Bd2 Re7 18. Nxe6 Nxe6 19. Bf5 Qe8 20. Bxe6 Rxe6 21. Rxe6 Qxe6 22. Be3 f5 23. f3 Nf4 24. Qd2 Ng6 25. Qe1 Nf4 26. Qd2 Nh5 27. Qe1 b6 28. Qh4 Ng3 29. Kf2 Nxf1 30. Bf4 Ne3 31. Bxe3 h6 32. Bd2 g5 33. Qh5 Kg7 34. h4 Qg6 35. Qxg6+ Kxg6 36. hxg5 hxg5 37. g4 fxg4 38. fxg4 Bf4 39. Be1 c5 1/2-1/2